The Christian missionaries in coastal Maharashtra : (Record no. 101492)

MARC details
000 -LEADER
fixed length control field 00684nam a22001937a 4500
005 - DATE AND TIME OF LATEST TRANSACTION
control field 20160727102206.0
010 ## - LCCN (DPL NO)
LC control number ENG-115542
020 ## - INTERNATIONAL STANDARD BOOK NUMBER
International Standard Book Number 9789351480563
Terms of availability 590.00
020 ## - INTERNATIONAL STANDARD BOOK NUMBER
International Standard Book Number 9351480569
Terms of availability 590.00
035 ## - SYSTEM CONTROL NUMBER
System control number EN-99074
037 ## - SOURCE OF ACQUISITION
Source of stock number/acquisition DBAD/PUB
082 ## - DEWEY DECIMAL CLASSIFICATION NUMBER
Classification number 280.66
100 ## - MAIN ENTRY--PERSONAL NAME
Personal name Khandpekar,Neeta M.
245 ## - TITLE STATEMENT
Title The Christian missionaries in coastal Maharashtra :
Statement of responsibility, etc by Khandpekar Neeta M.
Remainder of title encapsuling their historical, social, educational, medical & literary endeavours /
260 ## - PUBLICATION, DISTRIBUTION, ETC. (IMPRINT)
Place of publication, distribution, etc New Delhi
Name of publisher, distributor, etc Christian World Imprints
Date of publication, distribution, etc 2013
270 ## - ADDRESS
Address H-12,Bali Nagar
City New Delhi
Postal code 110015
300 ## - PHYSICAL DESCRIPTION
Extent xxiv,,374p. :
Dimensions 23cm(Hb)
Other physical details ill
942 ## - ADDED ENTRY ELEMENTS (KOHA)
Source of classification or shelving scheme Dewey Decimal Classification
Item type English Books
Classification part 280.66
Call number suffix KHA
Holdings
Withdrawn status Lost status Not for loan Collection code Home library Current library Date acquired Source of acquisition Cost, normal purchase price Full call number Barcode Copy number Cost, replacement price Koha item type
    Not For Loan Non-fiction D.B.Act.Division Bawana 26/07/2016 DBAD/PUB 590.00 280.66 KHA EN-99074 1 590.00 English Books

© Delhi Public Library
Hit Counter
free hit counter